Riconosci l'Anno dagli eventi - Quiz n°38 - Statistics

Statistiche generali
  • Questo quiz è stato fatto 13 volte
  • Il punteggio medio è 14 su 15
Statistiche sulle risposte
Indizio Risposta % Corretto
G 21 giugno – Viene eletto papa il cardinale Giovanni Battista Montini, già Arcivescovo di Milano, il quale assume il nome di Paolo VI.
100%
C 22 marzo – esce il primo LP dei Beatles dal titolo Please Please Me.
100%
F 3 giugno – Città del Vaticano: dopo quasi cinque anni di pontificato, muore a Roma papa Giovanni XXIII.
100%
D 8 aprile – il film Lawrence d'Arabia vince sette Premi Oscar.
100%
E 8 maggio – Vietnam: l'Esercito della Repubblica del Vietnam, durante la festività del Vesak, spara sui Buddisti che hanno disobbedito al divieto di esposizione delle bandiere e uccide 9 persone. dando il via alla crisi buddista.
100%
B 8 marzo – Siria: il partito Ba'th prende il potere a seguito di un colpo di Stato militare.
100%
A USA: John Kennedy rende illegali viaggi, transazioni finanziarie e commerciali con Cuba.
100%
H 11 luglio – Sudafrica: Nelson Mandela viene accusato di sabotaggio e altri crimini equivalenti al tradimento
92%
I 28 agosto – Martin Luther King tiene il famoso discorso del I have a dream davanti al Lincoln Memorial di Washington.
92%
M 29 settembre – si apre la seconda parte del Concilio Vaticano secondo.
92%
L 30 agosto – con l'"accordo della hotline", sancito tra USA e URSS, entra in funzione il cosiddetto Telefono rosso, una linea di comunicazione diretta tra Casa Bianca e Cremlino.
92%
N 9 ottobre -- Disastro del Vajont: una frana si stacca dal monte Toc e precipita nel bacino artificiale creato dalla diga del Vajont, provocando un'onda che travolge e distrugge il paese di Longarone.
92%
P 12 dicembre – il Kenya ottiene l'indipendenza dal Regno Unito.
85%
Anno 1963
85%
O 22 novembre -- A Dallas, in Texas, una serie di colpi di arma da fuoco, di cui sarà ufficialmente incolpata un'unica persona, Lee Harvey Oswald, raggiungono ed uccidono il Presidente degli Stati Uniti d'America John Fitzgerald Kennedy, mentre sta transitando con il corteo presidenziale di auto. Poco dopo, Lyndon B. Johnson giura come successore di JFK sull'aereo presidenziale "Air Force One"
85%
Nessun quiz corrispondente trovato
Distribuzione punteggi
Percentuale di utenti per punteggio
Percentile per numero di risposta
I tuoi punteggi nel tempo
Non hai fatto questo quiz